Pokupatel'nyj fond naselenija i tovaro obrot

Salvato in:
Dettagli Bibliografici
Autore principale: Voronov, Aleksandr Nikolajevič
Natura: Libro
Lingua:russo
Pubblicazione: Moskva Ekonomika 1981
Tags: Aggiungi Tag
Nessun Tag, puoi essere il primo ad aggiungerne!!

MARC

LEADER 00000nam a2200000 4500
001 c127515
005 20041019155240.9
041 0 |a rus 
044 |a RU 
245 1 0 |a Pokupatel'nyj fond naselenija i tovaro obrot  |c Aleksandr Nikolajevič Voronov 
264 1 |a Moskva  |b Ekonomika  |c 1981 
300 |a 93 s. 
100 1 |a Voronov, Aleksandr Nikolajevič